|
|
|
|
| LEADER |
01217nam a2200289 a 4500 |
| 001 |
13770415 |
| 003 |
BD-DhAAL |
| 008 |
090513s1986 bg ab b f000 0 eng d |
| 010 |
|
|
|a \\2004329729
|
| 040 |
|
|
|a DLC
|c DLC
|d BD-DhAAL
|
| 082 |
0 |
4 |
|a 633.3685492
|2 19
|
| 100 |
1 |
|
|a Reddy, L. J.
|9 57774
|
| 245 |
1 |
4 |
|a The status and prospects of groundnut production in Bangladesh /
|c L.J. Reddy & A.K. Kaul.
|
| 246 |
1 |
4 |
|a Status & prospects of groundnut production in Bangladesh
|
| 246 |
1 |
8 |
|a Groundnut in Bangladesh
|
| 260 |
|
|
|a Dhaka, Bangladesh :
|b Bangladesh Agricultural Research Council,
|c 1986.
|
| 300 |
|
|
|a 167 pages :
|b ill. (some col.), maps ;
|c 25 cm.
|
| 504 |
|
|
|a Includes bibliographical references (p. [81]-87).
|
| 541 |
1 |
|
|e 00002925
|
| 650 |
|
0 |
|a Peanuts
|z Bangladesh.
|9 57775
|
| 650 |
|
0 |
|a Peanut industry
|z Bangladesh.
|9 57776
|
| 700 |
1 |
|
|a Kaul, A. K.
|9 57777
|
| 710 |
2 |
|
|a Bangladesh Agricultural Research Council
|9 57778
|
| 852 |
4 |
|
|a Ayesha Abed Library
|j Generalshelf
|
| 942 |
|
|
|2 ddc
|c BK
|
| 999 |
|
|
|c 660
|d 660
|
| 952 |
|
|
|0 0
|1 0
|2 ddc
|4 0
|6 633_368549200000000_RED_1986
|7 0
|9 608
|a BRACUL
|b BRACUL
|c GEN
|d 2009-05-13
|g 0.00
|l 0
|o 633.3685492 RED
|p 3010002925
|r 2009-05-13
|t 1
|w 2009-05-13
|y BK
|x No price found in the accession register.
|